000 00274nam a22001217a 4500
008 171002b xxu||||| |||| 00| 0 eng d
041 _aeng
080 _a159.9
100 _a48
101 _aPSI
245 _aOUTLINE OF CLINICAL PSYCHIATRY
_cSTORROW,H.A
942 _2udc
_cBK
999 _c31217
_d31217